Państwa, które są wyspami na Pacyfiku - Statystyki

Ogólne statystyki
  • Ten quiz został rozwiązany 176 razy
  • Średni wynik to 15 z 20
Statystyki odpowiedzi
km2 Państwo % Poprawnych
270,467 Nowa Zelandia
93%
1,904,569 Indonezja
86%
702 Mikronezja
85%
18,272 Fidżi
83%
12,189 Vanuatu
82%
377,930 Japonia
81%
21 Nauru
81%
459 Palau
81%
462,840 Papua-Nowa Gwinea
81%
26 Tuvalu
81%
181 Wyspy Marshalla
81%
28,896 Wyspy Salomona
80%
342,353 Filipiny
79%
811 Kiribati
77%
2,842 Samoa
75%
36,193 Tajwan
75%
747 Tonga
71%
14,874 Timor Wschodni
64%
5,765 Brunei
58%
710 Singapur
54%
Nie znaleziono quizów pasujących do podanych kryteriów
Rozkład punktacji
Procent ludzi z każdym wynikiem
Percentyl według liczby udzielonych odpowiedzi
Twoja historia wyników
Nie rozwiązałeś tego quizu